LEADER 00907cam1 22002773 450 001 SOBE00052129 005 20160415104437.0 100 $a20160415g00009999|||||ita|0103 ba 101 $aita 102 $aIT 200 1 $aThucydidis historiae$fIoannes Baptista Alberti recensuit 210 $aRoma$cTypis officinae polygraphicae 215 $avolumi$d25 cm 225 2 $aScriptores graeci et latini 410 1$1001LAEC00018931$12001 $a*Scriptores graeci et latini 463 1$1001SOB021531$12000 $a1: libri 1.-3. 463 1$1001SOBE00052131$12000 $a2: libri 3.-5. 463 1$1001SOBE00052133$12000 $a3: libri 6.-8. 700 0$aThucydides$3AF00013286$4070$0156904 702 1$aAlberti, Giovanni Battista$3SOBA00012878$4070 801 0$aIT$bUNISOB$c20160415$gRICA 912 $aSOBE00052129 940 $aM 102 Monografia moderna SBN 941 $aM 996 $aHistoriai$928974 997 $aUNISOB LEADER 01391nam a2200361 i 4500 001 991003676789707536 005 20021220115238.0 008 020111s1999 uk ||| | eng 020 $a0198501781 035 $ab1184694x-39ule_inst 035 $aLE01313201$9ExL 040 $aDip.to Matematica$beng 082 0 $a519.4 084 $aAMS 35J25 084 $aAMS 35Q30 084 $aAMS 35Q35 084 $aAMS 65-02 084 $aAMS 65N55 100 1 $aQuarteroni, Alfio$08375 245 10$aDomain decomposition methods for partial differential equations /$cAlfio Quarteroni, Alberto Valli 260 $aOxford ; New York :$bClarendon Press,$c1999 300 $axv, 360 p. ;$c24 cm 490 0 $aNumerical mathematics and scientific computation 500 $aIncludes bibliographical references (p. [343]-356) and index 650 4$aDecomposition method 650 4$aPartial differential equations-numerical solutions 700 1 $aValli, Alberto$eauthor$4http://id.loc.gov/vocabulary/relators/aut$08376 907 $a.b1184694x$b28-04-17$c20-12-02 912 $a991003676789707536 945 $aLE013 65-XX QUA15 (1999)$g1$i2013000132976$lle013$o-$pE0.00$q-$rl$s- $t0$u2$v4$w2$x0$y.i12099284$z20-12-02 996 $aDomain decomposition methods for partial differential equations$9754208 997 $aUNISALENTO 998 $ale013$b01-01-02$cm$da $e-$feng$guk $h0$i1